| 000 | 00603nam a2200193Ia 4500 | ||
|---|---|---|---|
| 003 | IN-BaIIA | ||
| 008 | 211028s9999 xx 000 0 eng d | ||
| 020 | _a0-9605378-1-3 | ||
| 040 | _cIIA Library | ||
| 080 |
_a514.824 _bSHE |
||
| 100 |
_aSheeter, Sean _913123 |
||
| 245 | 4 |
_aThe unified model of the universe _bthe geometrically unified field solution _cSean Sheeter |
|
| 250 | _a2nd ed. | ||
| 260 |
_aBerkeley _bProcess Press _c1981 |
||
| 300 | _avi, 165p. | ||
| 650 | _aAstronomy and Astrophysics Thesaurus | ||
| 650 |
_aGeometry _91677 |
||
| 942 | _cBK | ||
| 999 |
_c7770 _d7770 |
||